Adelaide Crows (2025) - Statistics

General Stats
  • This quiz has been taken 22 times
  • The average score is 29 of 44
Answer Stats
Position Number Answer % Correct
Forward 2 Ben Keays
100%
Midfielder 6 Daniel Curtin
100%
Key Forward 7 Riley Thilthorpe
100%
Midfielder 1 Chayce Jones
92%
Midfielder 14 Jake Soligo
92%
Midfielder 12 Jordan Dawson
92%
Forward 8 Josh Rachele
92%
Key Defender 48 Mark Keane
92%
Key Forward 32 Darcy Fogarty
83%
Midfielder 23 Izak Rankine
83%
Forward 4 Lachlan Murphy
83%
Ruck 43 Reilly O'Brien
83%
Midfielder 3 Sam Berry
83%
Key Forward 13 Taylor Walker
83%
Forward 28 Alex Neal-Bullen
75%
Defender 24 Josh Worrell
75%
Midfielder 27 Luke Nankervis
75%
Forward 15 Brayden Cook
67%
Defender 33 Brodie Smith
67%
Key Forward 21 Chris Burgess
67%
Midfielder 25 James Peatling
67%
Key Defender 41 Jordon Butts
67%
Defender 20 Mitchell Hinge
67%
Key Defender 9 Nick Murray
67%
Defender 29 Rory Laird
67%
Ruck 39 Toby Murray
67%
Defender 30 Wayne Milera
67%
Midfielder 44 Isaac Cumming
58%
Ruck 42 Lachlan McAndrew
58%
Midfielder 5 Matt Crouch
58%
Defender 16 Max Michalanney
50%
Midfielder 34 Sid Draper
50%
Forward 19 Zac Taylor
50%
Midfielder 31 Billy Dowling
42%
Midfielder 26 Harry Schoenberg
42%
Defender 40 Hugh Bond
42%
Midfielder 38 Lachlan Sholl
42%
Forward 10 Luke Pedlar
42%
Forward 36 Karl Gallagher
33%
Ruck 45 Kieran Strachan
33%
Defender 22 Oscar Ryan
33%
Defender 11 Charlie Edwards
25%
Key Defender 35 James Borlase
25%
Key Forward 17 Tyler Welsh
25%
No matching quizzes found
Score Distribution
Percent of People with Each Score
Percentile by Number Answered
Your Score History
You have not taken this quiz